000 01163nam a2200301Ia 4500
001 ebr10173920
003 CaPaEBR
006 m u
007 cr cn|||||||||
008 050907s2005 si a sb 001 0 eng d
020 _z9812562958
040 _aCaPaEBR
_cCaPaEBR
035 _a(OCoLC)228170877
050 1 4 _aQC793.5.H328
_bK58 2005eb
100 1 _aKittel, W.
245 1 0 _aSoft multihadron dynamics
_h[electronic resource] /
_cW. Kittel, E.A. De Wolf.
260 _aSingapore ;
_aHackensack, NJ :
_bWorld Scientific,
_cc2005.
300 _axv, 652 p. :
_bill.
504 _aIncludes bibliographical references and index.
533 _aElectronic reproduction.
_bPalo Alto, Calif. :
_cebrary,
_d2009.
_nAvailable via World Wide Web.
_nAccess may be limited to ebrary affiliated libraries.
650 0 _aHadrons
_xMultiplicity.
650 0 _aParticles (Nuclear physics)
650 0 _aQuantum chromodynamics.
655 7 _aElectronic books.
_2local
700 1 _aDe Wolf, E. A.
710 2 _aebrary, Inc.
856 4 0 _uhttp://site.ebrary.com/lib/rucke/Doc?id=10173920
_zAn electronic book accessible through the World Wide Web; click to view
999 _c138158
_d138158